000 00650nam a22002417a 4500
005 20260317173650.0
008 160127b2010 xxu||||| |||| 00| | spa d
020 _a9788499850122
041 _aESP
082 _a364.163 H557f
100 _aHernández-Romo Valencia, Pablo
_92318
245 _aEl fraude procesal penal: una nueva visión
260 _aEspaña
260 _bTirant Lo Blanch
260 _c2010
300 _a131 páginas
490 _aInvestigación Criminal
650 _aDERECHO
650 _aFRAUDE PROCESAL PENAL
650 _aADMINISTRACION DE LA JUSTICIA
650 _aDELITO DE FRAUDE PROCESAL
942 _cBK
_2ddc
999 _c7533
_d7533